00282pab a2200121 454500008004000000100001900040245004500059260000900104300001300113362000800126650001400134773001200148180718b2013 xxu||||| |||| 00| 0 eng d aShiva, Vandana aDo we need genetically engineered foods? c2013 ap.64-65. aJul aConsumers aSeminar